000 00277nam a2200121Ia 4500
008 190216s9999||||xx |||||||||||||| ||und||
100 _aWalter Allen
245 4 _aThe English Novel
260 _bPenguin Books
_c1970
300 _a380p
650 _aEnglish Novel
942 _cBK
999 _c12231
_d12231